Southville International School and Colleges
Your cart is empty.
  • Cart
  • Lists
    Public lists Eva Luna New books Lux_list list_1
    Your lists Log in to create your own lists
  • Log in to your account
  • Your cookies
  • Search history
Southville International School and Colleges
  • Advanced search
  • Recent comments
  • Most popular
  • Libraries

Log in to your account

Log in with GOOGLE


If you do not have an external account, but do have a local account, you can still log in:

  1. Home
  2. MARC view: The case of the buried treasure /
Normal view MARC view ISBD view

The case of the buried treasure / (Record no. 33825)

[ view plain ]
MARC details
000 -LEADER
fixed length control field 00720nam a22002297a 4500
003 - CONTROL NUMBER IDENTIFIER
control field OSt
005 - DATE AND TIME OF LATEST TRANSACTION
control field 20140310184341.0
008 - FIXED-LENGTH DATA ELEMENTS--GENERAL INFORMATION
fixed length control field 131007t xxu||||| |||| 00| 0 eng d
020 ## - INTERNATIONAL STANDARD BOOK NUMBER
International Standard Book Number 9780439309318
050 ## - LIBRARY OF CONGRESS CALL NUMBER
Classification number PZ 7
Item number .P924 2002
100 ## - MAIN ENTRY--PERSONAL NAME
Personal name Preller, James.
9 (RLIN) 6900
245 ## - TITLE STATEMENT
Title The case of the buried treasure /
Statement of responsibility, etc James Preller; illustrated by Jamie Smith; cover illustration by R.W. Alley
260 ## - PUBLICATION, DISTRIBUTION, ETC. (IMPRINT)
Place of publication, distribution, etc New York, NY :
Name of publisher, distributor, etc Scholastic Inc.,
Date of publication, distribution, etc 2002.
300 ## - PHYSICAL DESCRIPTION
Extent 106 p. :
Other physical details ill. ;
Dimensions 20 cm.
440 ## - SERIES STATEMENT/ADDED ENTRY--TITLE
Title A jigsaw jones mystery
9 (RLIN) 22975
490 ## - SERIES STATEMENT
Series statement A jigsaw jones mystery
Volume number/sequential designation Super Special #1
521 ## - TARGET AUDIENCE NOTE
Target audience note
526 ## - STUDY PROGRAM INFORMATION NOTE
Reading level 390
650 ## - SUBJECT ADDED ENTRY--TOPICAL TERM
Topical term or geographic name as entry element Treasure
General subdivision Juvenile
9 (RLIN) 24555
942 ## - ADDED ENTRY ELEMENTS (KOHA)
Source of classification or shelving scheme Library of Congress Classification
Koha item type
Holdings
Withdrawn status Lost status Source of classification or shelving scheme Damaged status Home library Current library Shelving location Date acquired Total Checkouts Full call number Barcode Date last seen Copy number Price effective from Koha item type
    Library of Congress Classification   Luxembourg Library Luxembourg Library Scholastic Reading Center Section 10/07/2013   PZ 7 .P924 2002 LEX0121 04/18/2017 1 10/07/2013 Books

The case of the buried treasure /

APA

Preller J., . (2002). The case of the buried treasure. New York, NY: Scholastic Inc.

Chicago

Preller James, . 2002. The case of the buried treasure. New York, NY: Scholastic Inc.

Harvard

Preller J., . (2002). The case of the buried treasure. New York, NY: Scholastic Inc.

MLA

Preller James, . The case of the buried treasure. New York, NY: Scholastic Inc. 2002.

  • Place hold
  • Print
  • Cite
  • Add to your cart (remove)
  • Save record
    BIBTEX Dublin Core MARCXML MARC (non-Unicode/MARC-8) MARC (Unicode/UTF-8) MARC (Unicode/UTF-8, Standard) MODS (XML) RIS
  • More searches
    Search for this title in:
    Other Libraries (WorldCat) Other Databases (Google Scholar) Online Stores (Bookfinder.com) Open Library (openlibrary.org)

Exporting to Dublin Core...

SOUTHVILLE LIBRARY

Southville International School and Colleges Library

1281 Tropical Ave. Cor. Luxembourg St., BF Homes International, Las Pinas City

Tel. No. 8256374 / 252358 Loc. 117/146

Powered by Koha